LEADER 01279nam0 22003011i 450 001 UON00499156 005 20231205105406.798 010 $a88-311-0332-6 100 $a20191029d2001 |0itac50 ba 101 $aita 102 $aIT 105 $a|||| ||||| 200 1 $aˆIl ‰Medioevo degli ultimi$eemarginazione e marginalità nei secoli 11.-14. / Nilda Guglielmi 210 $aRoma$cCittà nuova$d[2001] 215 $a281 p.$d20 cm. 316 $aDono Prof. Alberto Varvaro.$5IT-UONSI F. Varvaro3209 410 1$1001UON00269952$12001 $aˆI ‰volti della storia$1210 $aRoma$cCittà Nuova$v8 606 $aEmarginazione sociale$xEuropa$xSec. 11.-14.$3UONC097455$2FI 620 $aIT$dRoma$3UONL000004 676 $a305.568094$cCLASSI SOCIALI INFERIORI. EMARGINATI E ALIENATI. Europa$v22 700 1$aGUGLIELMI$bNilda$3UONV167958$0467710 712 $aCittà Nuova$3UONV258932$4650 801 $aIT$bSOL$c20240220$gRICA 899 $aSIBA - SISTEMA BIBLIOTECARIO DI ATENEO$2UONSI 912 $aUON00499156 950 $aSIBA - SISTEMA BIBLIOTECARIO DI ATENEO$dSI F. Varvaro3209 $eSI 32497 7 Dono Prof. Alberto Varvaro. 996 $aMedioevo degli ultimi$9917173 997 $aUNIOR